00475nam a22001697a 450000500170000001000150001702000260003203500140005803700130007208200120008510000180009724500400011526000260015527000810018130000250026250000180028720190614114616.0 aENG-125602 a9789383612109c995.00 aEN-109134 bDBAD/PUB a364.150 aMishra, Anish aWomen trafficking/cby Anish Mishra aDelhibSadhana & Sons aL-20/13, First Floor, Street No.5 Shivaji Marg,bKartar Nagar, Delhie110053 aviii,320p.c22cm(Hb) ainclude index